LEADER 02920nam 22006733u 450 001 9910163376103321 005 20230807214633.0 010 $a3-451-33364-3 035 $a(CKB)3790000000019503 035 $a(EBL)2049856 035 $a(OCoLC)909145183 035 $a(SSID)ssj0001481993 035 $a(PQKBManifestationID)12560959 035 $a(PQKBTitleCode)TC0001481993 035 $a(PQKBWorkID)11508709 035 $a(PQKB)11579500 035 $a(EXLCZ)993790000000019503 100 $a20151005d2015|||| u|| | 101 0 $ager 135 $aur|n|---||||| 181 $ctxt 182 $cc 183 $acr 200 10$aGewissen fu?r das Ganze$b[electronic resource] 210 $cHerder Verlag$d2015 215 $a1 online resource (420 p.) 300 $aDescription based upon print version of record. 311 $a3-451-30227-6 327 $a""VORWORT""; ""1.""; ""2.""; ""3.""; ""4.""; ""5.""; ""6.""; ""7.""; ""8.""; ""9.""; ""10.""; ""11.""; ""12.""; ""13.""; ""14.""; ""15.""; ""16.""; ""17.""; ""18.""; ""19.""; ""20.""; ""21.""; ""22.""; ""23.""; ""24.""; ""25.""; ""26.""; ""27.""; ""28.""; ""29.""; ""30.""; ""31.""; ""32.""; ""33.""; ""34.""; ""35.""; ""36.""; ""37.""; ""38.""; ""39.""; ""40.""; ""41.""; ""42.""; ""43.""; ""44.""; ""45.""; ""46.""; ""47.""; ""48.""; ""49.""; ""50.""; ""51.""; ""52.""; ""53.""; ""54.""; ""55.""; ""56.""; ""57.""; ""58.""; ""59.""; ""60.""; ""61.""; ""62.""; ""63.""; ""64.""; ""65.""; ""66."" 327 $a""67.""""68.""; ""69.""; ""70.""; ""71.""; ""72.""; ""73.""; ""74.""; ""75.""; ""76.""; ""77.""; ""78.""; ""79.""; ""80.""; ""STATT EINES NACHWORTS"" 606 $aBaden-Wu?rttemberg (Germany) -- Politics and government -- 20th century 606 $aPoliticians -- Germany -- Biography 606 $aPrime ministers -- Germany -- Baden- Wu?rttemberg -- Biography 606 $aTeufel, Erwin 606 $aPrime ministers$zBaden-Wčurttemberg$zGermany$vBiography 606 $aPoliticians$zGermany$vBiography 606 $aRegions & Countries - Europe$2HILCC 606 $aHistory & Archaeology$2HILCC 606 $aGermany$2HILCC 607 $aBaden-Wu?rttemberg (Germany)$xPolitics and government$y20th century 615 4$aBaden-Wu?rttemberg (Germany) -- Politics and government -- 20th century. 615 4$aPoliticians -- Germany -- Biography. 615 4$aPrime ministers -- Germany -- Baden- Wu?rttemberg -- Biography. 615 4$aTeufel, Erwin. 615 0$aPrime ministers 615 0$aPoliticians 615 7$aRegions & Countries - Europe 615 7$aHistory & Archaeology 615 7$aGermany 676 $a943.087 676 $a943.0879092 700 $aTeufel$b Erwin$01239519 801 0$bAU-PeEL 801 1$bAU-PeEL 801 2$bAU-PeEL 906 $aBOOK 912 $a9910163376103321 996 $aGewissen fu?r das Ganze$92875973 997 $aUNINA